Phong cách bán hàng Zig Ziglar = Ziglar on selling /
Saved in:
| Main Author: | |
|---|---|
| Other Authors: | , |
| Format: | Book (Paper) |
| Language: | Vietnamese English |
| Published: |
H. :
Lao động - Xã hội,
2018.
|
| Edition: | Tái bản lần thứ ba. |
| Subjects: | |
| Tags: |
Add Tag
No Tags, Be the first to tag this record!
|
| Institutions: | Thư viện Trường Đại học Đà Lạt |
|---|
| LEADER | 01888nam a2200373 4500 | ||
|---|---|---|---|
| 001 | DLU210195527 | ||
| 020 | # | # | |a 9786046534259 |
| 040 | # | # | |a DLU |b vie |
| 041 | # | # | |a vie |h eng |
| 044 | # | # | |a vn |
| 082 | # | # | |a 658.85 |b ZI-Z |
| 100 | # | # | |a Ziglar, Zig. |
| 245 | # | # | |a Phong cách bán hàng Zig Ziglar = |b Ziglar on selling / |c Zig Ziglar; Thanh Huyền, Nguyễn Trang dịch. |
| 246 | # | # | |a Ziglar on selling |
| 250 | # | # | |a Tái bản lần thứ ba. |
| 260 | # | # | |a H. : |b Lao động - Xã hội, |c 2018. |
| 300 | # | # | |a 380 tr. ; |c 21 cm. |
| 505 | # | # | |a Chương 1. Lựa chọn đúng đắn -- Chương 2. Bán hàng thời hiện đại -- Chương 3. Tìm người sẵn lòng mua hàng -- Chương 4. Bán hàng trong thế giới thực -- Chương 5. Bán hàng bằng kế hoạch, không phải bằng may mắn -- Chương 6. Câu hỏi chính là câu trả lời -- Chương 7. "Chất vấn" đàm thoại -- Chương 8. "Thắp đèn sáng lên" |
| 505 | # | # | |a Chương 9. Cung cấp giải pháp cho vấn đề của khách hàng -- Chương 10. Những điều cơ bản về các phương pháp kết thúc bán hàng -- Chương 11. Kết thúc cuộc bán hàng thường xuyên hơn -- Chương 12. Từ "phục vụ khách hàng" đến "thỏa mãn khách hàng" -- Chương 13. Sự mê hoặc của những chuyến đi -- Chương 14. Hệ thống hỗ trợ bán hàng thành công -- Chương 15. Tổ chức và kỷ luật -- Chương 16. Hãy là người chuẩn mực. |
| 650 | # | # | |a Bán hàng. |
| 650 | # | # | |a Quản lý bán hàng. |
| 700 | # | # | |a Nguyễn Trang, |e dịch. |
| 700 | # | # | |a Thanh Huyền, |e dịch. |
| 923 | # | # | |a 03/2020 |
| 991 | # | # | |a SH |
| 992 | # | # | |a 139000 |
| 994 | # | # | |a DLU |
| 900 | # | # | |a True |
| 911 | # | # | |a Nguyễn Thanh Hương |
| 925 | # | # | |a G |
| 926 | # | # | |a A |
| 927 | # | # | |a SH |
| 980 | # | # | |a Thư viện Trường Đại học Đà Lạt |


